000 00405nam a2200157Ia 4500
008 230711s9999||||xx |||||||||||||| ||und||
020 _a978-93-80012-35-3
041 _aENG
082 _a633.61
_bSE-T
100 _aSengar,R S
245 0 _aTissue Culture Based Sugarcane Farming
260 _c2013
_aNew Delhi
_bStudium Press (India) Pvt. Ltd.
300 _a284p.
650 _aAgriculture
942 _cBK
999 _c7618
_d7618